A história da galinha (Record no. 46455)

MARC details
000 -LÍDER
campo de controle de tamanho fixo 00606 a2200241 4500
001 - NÚMERO DE CONTROLE
campo de controle 46455
020 ## - ISBN - INTERNATIONAL STANDARD BOOK NUMBER
ISBN - International Standard Book Number 8532210031
020 ## - ISBN - INTERNATIONAL STANDARD BOOK NUMBER
ISBN - International Standard Book Number 9788526007826
041 ## - CÓDIGO DE IDIOMA
Código do idioma do texto/trilha sonora ou título diferente por
082 ## - CDD - CLASSIFICAÇÃO DECIMAL DE DEWEY
Número de Classificação AP Year 1 028
040 ## - FONTE DA CATALOGAÇÃO
Instituição da catalogação original BR-BrIDEA
Instituição que transcreveu o registro BR-BrIDEA
090 ## - NÚMERO DE CHAMADA LOCAL
Número de chamada (OCLC) (R); Número de chamada, CALL (RLIN) (NR) AP Year 1 028
Número Cutter local (OCLC); Número de classificação do livro, CALL (RLIN) AMA
100 ## - ENTRADA PRINCIPAL--NOME PESSOAL
Nome pessoal Amarante, Nina.
250 ## - EDIÇÃO
Edição 1.ed.
245 10 - TÍTULO
Título A história da galinha
Indicação de responsabilidade, etc. Nina Amarante
260 ## - PUBLICAÇÃO, DISTRIBUIÇÃO, ETC.
Local de publicação, distribuição, etc. São Paulo
Nome do editor, distribuidor, etc. Global
Data da publicação, distribuição, etc. 2002
300 ## - DESCRIÇÃO FÍSICA
Extensão 20 p.
490 ## - TÍTULO DA SÉRIE
Título da série De criança para criança
697 ## - ENTRADA DE ASSUNTO LOCAL--ENTIDADE COLETIVA (RLIN)
Nome corporativo ou nome da jurisdição Literatura infantojuvenil.
830 ## - ENTRADA SECUNDÁRIA DE SÉRIE--TÍTULO UNIFORME
Título uniforme De criança para criança
856 ## - LOCALIZAÇÃO ELETRÔNICA E ACESSO
Uniform Resource Identifier <a href="00002b/00002bf7.jpg">00002b/00002bf7.jpg</a>
942 ## - ELEMENTOS DE ENTRADA ADICIONADOS (KOHA)
Tipo de material Koha Livros
Holdings
Situação do descarte Situação das perdas Situação física Não pode ser emprestado Biblioteca de origem Biblioteca atual Data de aquisição Total de empréstimos Número de chamada completo Código de barras Data de último acesso Data do preço efetivo Tipo de material Koha Fonte da classificação ou esquema de arquivamento na estante
        Canadian School of Niterói - Piratininga Canadian School of Niterói - Piratininga 09/02/2024   AMA-H2 A02035 09/02/2024 09/02/2024 Livros  
        Colégio Anchieta - Aquarius Colégio Anchieta - Aquarius 21/11/2023   028.5 HIS 4298/AQU 21/11/2023 21/11/2023 Livros  
        Colégio Anchieta - Aquarius Colégio Anchieta - Aquarius 21/11/2023   028.5 HIS 4299/AQU 21/11/2023 21/11/2023 Livros  
        Colégio Anchieta - Aquarius Colégio Anchieta - Aquarius 21/11/2023   028.5 HIS 6334/AQU 21/11/2023 21/11/2023 Livros  
        ECB - SUDOESTE ECB - SUDOESTE 09/12/2014   P Year 1 028 00012542SSW 23/01/2024 23/01/2024 Livros Classificação Decimal de Dewey
        ECB - SUDOESTE ECB - SUDOESTE 27/10/2015   P Year 2 028 00017321SSW 23/01/2024 23/01/2024 Livros Classificação Decimal de Dewey
        ECB - SUDOESTE ECB - SUDOESTE 25/09/2013   P Year 2 028 00005906SSW 23/01/2024 23/01/2024 Livros Classificação Decimal de Dewey
        ECB - SUDOESTE ECB - SUDOESTE 11/12/2015   P Year 1 028 00017987SSW 23/01/2024 23/01/2024 Livros Classificação Decimal de Dewey
        ECB - SUDOESTE ECB - SUDOESTE 26/08/2013   P Year 1 028 00004947SSW 23/01/2024 23/01/2024 Livros Classificação Decimal de Dewey
        ECB - ÁGUAS CLARAS ECB - ÁGUAS CLARAS 13/12/2017   AP Year 1 028 AMA 00031337AGC 23/01/2024 23/01/2024 Livros Classificação Decimal de Dewey
        ECB - ÁGUAS CLARAS ECB - ÁGUAS CLARAS 23/11/2018   AP Year 1 028 AMA 00038999AGC 23/01/2024 23/01/2024 Livros Classificação Decimal de Dewey
        ECB - ÁGUAS CLARAS ECB - ÁGUAS CLARAS 23/11/2018   AP Year 1 028 AMA 00039000AGC 23/01/2024 23/01/2024 Livros Classificação Decimal de Dewey